Minkowski decomposition for mean-variance analysis

Guardado en:
Detalles Bibliográficos
Autor principal: Doherty, Robert E.
Formato: Libro
Lenguaje:inglés
Publicado: Louvain Universite Catholique 1976
Etiquetas: Agregar Etiqueta
Sin Etiquetas, Sea el primero en etiquetar este registro!

MARC

LEADER 00000nam a2200000 4500
001 0222878
005 20240822101702.4
041 0 |a eng 
044 |a BE 
245 1 0 |a Minkowski decomposition for mean-variance analysis  |c Robert E. Doherty 
264 1 |a Louvain  |b Universite Catholique  |c 1976 
300 |a 23 s. 
100 1 |a Doherty, Robert E.